De 15e eeuw - Statistieken

Algemene statistieken
  • Deze quiz is 27 keer genomen
  • De gemiddelde score is 8 van 20
Antwoordstatistieken
Jaar Beschrijving Antwoord % Correct
1492 Deze ontdekkingsreiziger ontdekt de "Nieuwe Wereld" Christopher Columbus
94%
1490 Deze schildert tekent de "Mens van Vitruvius" Leonardo da Vinci
89%
1469 Dit land wordt herenigde als Ferdinand van Aragon en Isabella van Castilië trouwen Spanje
72%
1431 Deze Franse strijdvrouw wordt door de Engelsen verbrand, ze wordt het symbool van Frankrijk Jeanne d'Arc
61%
1453 Deze stad wordt veroverd door de Turken waarmee het Byzantijnse Rijk ten val komt Constantinopel
56%
1450 Gutenberg vind deze machine uit, alhoewel ze in China al bestond Drukpers
56%
1400s De Medici worden de de-facto leiders van deze Italiaanse stad Firenze
50%
1430 Noorse nederzettingen op dit eiland sterven uit, omdat er geen nieuwe mensen bijkomen Groenland
50%
1406-1420 Het Paleis van de Verboden Stad wordt gebouwd in deze stad Peking
50%
1497 Deze Portugese ontdekkingsreiziger zeilt van Europa naar India Vasco da Gama
50%
1487 De Hertog van Beieren maakt een wet die gaat over de puurheid van deze drank Bier
44%
1494 Eerste productie van dit "Levenswater" in Schotland Scotch Whisky
44%
1455-1487 De Huizen Lancaster en York vechten deze oorlog uit over de Kroon van Engeland {Rozen}oorlog
28%
1400s Deze sport wordt uitgevonden in Schotland Golf
22%
1448-1476 Deze heerser van Walachije wordt berucht vanwege het spietsen van vijanden Vlad de {Spietser}
22%
1415 Ondanks de grote kosten verslaat Henry V de Fransen in deze beroemde slag Slag bij Azincourt
11%
1455-1502 Deze Spaanse familie levert twee pausen en staan bekend vanwege ondeugd en corruptie Borgia
6%
1405-1433 Dit land ontplooit een "schatvloot" met meer dan 300 schepen die giften uitgeven overal in de Indische Oceaan China
6%
1485 Deze gebochelde koning van Engeland komt aan zijn einde bij de Battle of Bosworth Richard III
6%
1400s Deze grote vogel sterft uit door de jacht van Maori jagers in Nieuw-Zeeland Moa
0%
Geen overeenkomende quizzen gevonden
Scoreverdeling
Procent van Mensen met Elke Score
Percentiel versus Aantal Correcte Antwoorden
Uw Scoregeschiedenis
U heeft deze quiz nog niet genomen